[Event "41st Olympiad Women 2014"]
[Site "Tromso NOR"]
[Date "2014.08.08"]
[Round "6.49"]
[Board "2"]
[White "Stolarczyk, Anna"]
[Black "Chaves, Joara"]
[Result "0-1"]
[WhiteTitle "WCM"]
[BlackTitle "WIM"]
[WhiteElo "1994"]
[BlackElo "2026"]
[WhiteTeam "IBCA"]
[BlackTeam "Brazil"]
[WhiteFideId "1126423"]
[BlackFideId "2100622"]
[EventDate "2014.08.02"]

1. d4 Nf6 2. c4 g6 3. Nc3 Bg7 4. e4 d6 5. h3 O-O 6. Bd3 Nc6 7. Be3 e5 8. d5 Ne7
9. Nge2 Nd7 10. O-O f5 11. exf5 gxf5 12. f4 a6 13. Rc1 Qe8 14. b4 Kh8 15. Bb1
Rg8 16. fxe5 Nxe5 17. c5 Bd7 18. Nf4 Bh6 19. Qd2 Qf7 20. Rf2 Rg7 21. Ng6+ Rxg6
22. Bxh6 Rag8 23. Kh1 Qf6 24. Bf4 Qh4 25. Qd4 Qf6 26. Re1 R6g7 27. Bxe5 dxe5 28.
Qxe5 Qh4 29. Rb2 Ng6 30. Qh2 Qxe1+ 0-1

[Event "41st Olympiad Women 2014"]
[Site "Tromso NOR"]
[Date "2014.08.08"]
[Round "6.49"]
[Board "3"]
[White "Ribeiro, Regina"]
[Black "Debowska, Teresa"]
[Result "0-1"]
[WhiteTitle "WIM"]
[BlackTitle "FM"]
[WhiteElo "2000"]
[BlackElo "1708"]
[WhiteTeam "Brazil"]
[BlackTeam "IBCA"]
[WhiteFideId "2100681"]
[BlackFideId "1120816"]
[EventDate "2014.08.02"]

1. Nf3 g6 2. g3 Bg7 3. d4 Nf6 4. c4 d6 5. Bg2 O-O 6. O-O Nbd7 7. Qc2 e5 8. Rd1
Qe7 9. Nc3 exd4 10. Nxd4 Nc5 11. Bg5 h6 12. Nd5 Qd8 13. Nxf6+ Bxf6 14. Bxh6 Re8
15. Bd5 Ne6 16. Be3 c6 17. Bg2 Qe7 18. Nxe6 Qxe6 19. Rd2 Qe7 20. Rad1 Be5 21. h4
Bf5 22. Qa4 a6 23. Bb6 c5 24. Qb3 a5 25. Bd5 a4 26. Qf3 Ra6 27. Bxc5 dxc5 28.
Bxb7 Rb6 29. Bc6 Reb8 30. Bxa4 Rxb2 31. Rxb2 Rxb2 32. h5 Rxa2 33. Qa8+ Kh7 34.
hxg6+ fxg6 35. Rd8 Ra1+ 36. Kg2 Rxa4 37. Qd5 Be4+ 38. Qxe4 Qxd8 39. Qxe5 Qa8+
40. f3 Qc6 41. Qe7+ Kg8 42. Qd8+ Kf7 43. Qh4 Ra8 44. Qh7+ Kf6 45. Qh4+ Kg7 46.
Qe7+ Kg8 47. e4 Re8 48. Qg5 Kg7 49. Kf2 Qd6 50. Ke2 Ra8 51. e5 Ra2+ 52. Ke1 Qe6
53. g4 Rc2 54. f4 Rxc4 55. Kf2 Rc2+ 56. Ke1 Ra2 57. Qd8 Ra1+ 58. Kf2 Qa2+ 59.
Kg3 Qb3+ 60. Kh4 Rh1+ 61. Kg5 Rh5+ 62. gxh5 Qg3# 0-1

[Event "41st Olympiad Women 2014"]
[Site "Tromso NOR"]
[Date "2014.08.08"]
[Round "6.49"]
[Board "4"]
[White "Zarubinskaya, Irina"]
[Black "Chang, Suzana"]
[Result "1/2-1/2"]
[BlackTitle "WFM"]
[WhiteElo "1812"]
[BlackElo "1991"]
[WhiteTeam "IBCA"]
[BlackTeam "Brazil"]
[WhiteFideId "14124440"]
[BlackFideId "2105985"]
[EventDate "2014.08.02"]

1. e4 c5 2. Nf3 Nc6 3. d4 cxd4 4. Nxd4 Nf6 5. Nc3 e5 6. Ndb5 d6 7. Bg5 a6 8.
Bxf6 gxf6 9. Na3 b5 10. Nd5 Bg7 11. c3 f5 12. Bd3 f4 13. Nc2 O-O 14. Qh5 h6 15.
O-O-O Qg5 16. Qxg5 hxg5 17. f3 Rb8 18. g4 Be6 19. Ncb4 Nxb4 20. Nxb4 Rb6 21. Be2
Bf6 22. Nd5 Bxd5 23. Rxd5 Kg7 24. h3 Rc8 25. Rhd1 Be7 26. Kb1 Rh8 27. Bf1 Rc8
28. Be2 Rh8 29. Bf1 Rc8 30. Be2 1/2-1/2

[Event "41st Olympiad Women 2014"]
[Site "Tromso NOR"]
[Date "2014.08.08"]
[Round "6.50"]
[Board "1"]
[White "Chandrasiri, S A K"]
[Black "Jennitha, Anto K."]
[Result "1-0"]
[WhiteTitle "WFM"]
[BlackTitle "WIM"]
[WhiteElo "1777"]
[BlackElo "1964"]
[WhiteTeam "Sri Lanka"]
[BlackTeam "IPCA"]
[WhiteFideId "9905049"]
[BlackFideId "5018218"]
[EventDate "2014.08.02"]

1. d4 Nf6 2. c4 e6 3. Nf3 Nc6 4. e3 Bb4+ 5. Bd2 O-O 6. a3 Bxd2+ 7. Nbxd2 d5 8.
Bd3 Re8 9. O-O e5 10. dxe5 Nxe5 11. Be2 dxc4 12. Nxc4 Nxc4 13. Bxc4 Be6 14. Qb3
Bxc4 15. Qxc4 Re4 16. Qc2 Qe7 17. Rac1 c6 18. Rfd1 h6 19. Nd4 g6 20. Nb3 Nd5 21.
Nc5 Re5 22. b4 Re8 23. Qd2 Rh5 24. Rc4 Qc7 25. h3 Nb6 26. Rd4 Rd5 27. e4 Rxd4
28. Qxd4 Re7 29. Qf6 Re8 30. Qd4 Qe5 31. a4 Qxd4 32. Rxd4 Rb8 33. a5 Na8 34. Rd7
Kf8 35. Nxb7 Ke8 36. Nc5 Rxb4 37. Rxa7 Rb8 38. a6 Rb1+ 39. Kh2 Nb6 40. Rb7 Rb5
41. a7 Na8 42. Rb8+ Ke7 43. Rxa8 Rxc5 44. Rb8 1-0

[Event "41st Olympiad Women 2014"]
[Site "Tromso NOR"]
[Date "2014.08.08"]
[Round "6.50"]
[Board "2"]
[White "Melnik, Galina"]
[Black "Yashora, Tiumi"]
[Result "0-1"]
[WhiteTitle "WIM"]
[WhiteElo "2017"]
[BlackElo "1715"]
[WhiteTeam "IPCA"]
[BlackTeam "Sri Lanka"]
[WhiteFideId "4121929"]
[BlackFideId "9903534"]
[EventDate "2014.08.02"]

1. d4 c5 2. d5 e5 3. Nc3 d6 4. Nf3 Be7 5. e4 Bg4 6. Bb5+ Nd7 7. a4 a6 8. Be2
Bxf3 9. Bxf3 Bg5 10. Bg4 Bxc1 11. Qxc1 Nh6 12. Bxd7+ Qxd7 13. a5 O-O 14. O-O f5
15. f3 Rf6 16. Qd2 Kh8 17. exf5 Nxf5 18. Ne4 Rg6 19. c3 Nh4 20. Rf2 Rxg2+ 0-1

[Event "41st Olympiad Women 2014"]
[Site "Tromso NOR"]
[Date "2014.08.08"]
[Round "6.50"]
[Board "3"]
[White "Mendis, Dasuni Hansika"]
[Black "Kurochkina, Elena"]
[Result "0-1"]
[WhiteElo "1624"]
[BlackElo "1797"]
[WhiteTeam "Sri Lanka"]
[BlackTeam "IPCA"]
[WhiteFideId "9907696"]
[BlackFideId "24145890"]
[EventDate "2014.08.02"]

1. e4 c5 2. d4 cxd4 3. c3 dxc3 4. Nxc3 Nc6 5. Nf3 e6 6. a3 Nf6 7. Bf4 a6 8. Bc4
d6 9. Qe2 e5 10. Bg5 h6 11. Bh4 Be7 12. Rd1 Qc7 13. Qd2 g5 14. Bg3 Be6 15. Bd5
g4 16. Nh4 Nd4 17. Bxe6 fxe6 18. Ng6 Rh7 19. Bh4 Kf7 20. Nxe7 Qxe7 21. f4 gxf3
22. Rf1 Qd7 23. gxf3 Rg8 24. f4 Rg6 25. fxe5 dxe5 26. Ne2 Ke8 27. Rxf6 Rxf6 28.
Nxd4 Rf4 29. Nxe6 Rxe4+ 30. Kf1 Qxd2 31. Rxd2 Rxh4 32. Re2 Rf7+ 33. Kg2 e4 34.
Kg3 Rh5 35. Rxe4 Kd7 36. Nf4 Rg5+ 37. Kh4 Rf6 38. Rd4+ Kc6 39. Rc4+ Rc5 40. Re4
Rc2 41. Nd3 Rxh2+ 42. Kg3 Rd2 43. Nb4+ Kd6 44. Re3 Rg6+ 45. Kf3 Rxb2 46. Nd3 Rb3
47. a4 b5 48. axb5 axb5 49. Ke2 Ra3 50. Kd1 Rg2 0-1

[Event "41st Olympiad Women 2014"]
[Site "Tromso NOR"]
[Date "2014.08.08"]
[Round "6.51"]
[Board "1"]
[White "Pulpan, Oana"]
[Black "Blackman, Katrina"]
[Result "1-0"]
[WhiteTitle "WFM"]
[BlackTitle "WCM"]
[WhiteElo "1846"]
[BlackElo "1627"]
[WhiteTeam "Malta"]
[BlackTeam "Barbados"]
[WhiteFideId "5600502"]
[BlackFideId "11100540"]
[EventDate "2014.08.02"]

1. d4 e6 2. Nf3 Nf6 3. g3 b6 4. Bg2 Bb7 5. O-O c5 6. c4 cxd4 7. b3 d6 8. Qxd4
Be7 9. Nc3 O-O 10. Ba3 Nc6 11. Qd3 d5 12. Bxe7 Nxe7 13. cxd5 Nexd5 14. Rac1 Nxc3
15. Qxc3 Rc8 16. Qb2 Qe7 17. Rxc8 Rxc8 18. Rc1 Rxc1+ 19. Qxc1 h6 20. Ne5 Bxg2
21. Kxg2 Qb7+ 22. Qc6 Qb8 23. f4 Qd8 24. Kf3 Qe7 25. Qc8+ Kh7 26. a4 a5 27. Qc4
Nd7 28. Qd3+ f5 29. Qxd7 Qb4 30. Qxe6 Qe4+ 31. Kf2 Qd4+ 32. Kg2 Qe4+ 33. Kh3 1-0

[Event "41st Olympiad Women 2014"]
[Site "Tromso NOR"]
[Date "2014.08.08"]
[Round "6.51"]
[Board "2"]
[White "Murray, Donna"]
[Black "Aguilar, Filipina"]
[Result "0-1"]
[BlackTitle "WCM"]
[WhiteElo "1454"]
[BlackElo "1820"]
[WhiteTeam "Barbados"]
[BlackTeam "Malta"]
[WhiteFideId "11102470"]
[BlackFideId "5600464"]
[EventDate "2014.08.02"]

1. d4 Nf6 2. Nf3 g6 3. c4 d5 4. Bg5 Ne4 5. e3 Nxg5 6. Nxg5 Bg7 7. Nc3 O-O 8.
cxd5 e6 9. dxe6 Qxg5 10. exf7+ Rxf7 11. h4 Qf5 12. f3 Re7 13. Bc4+ Be6 14. Qb3
c6 15. Kf2 b5 16. Bxe6+ Qxe6 17. Qxe6+ Rxe6 18. h5 Nd7 19. hxg6 hxg6 20. Ne4
Rae8 21. b4 Nf6 22. Nxf6+ Bxf6 23. Rae1 Bd8 24. e4 Bb6 25. Rd1 Kg7 26. Ke3 Kf6
27. Rh6 Rd8 28. g4 Kg5 29. Rh7 Kf6 30. f4 Re7 31. e5+ Ke6 32. f5+ gxf5 33. gxf5+
Kd7 34. Rxe7+ Kxe7 35. f6+ Kf7 36. Ke4 Rh8 37. Rg1 Rh4+ 38. Kf5 Rh5+ 39. Rg5
Rxg5+ 40. Kxg5 Bxd4 41. e6+ Kxe6 42. Kf4 Bxf6 43. Ke4 Bc3 44. a3 Bb2 45. Kd3
Bxa3 46. Kc3 Kd5 47. Kb3 Bc1 48. Kc3 Bf4 49. Kd3 Bd6 50. Kc3 Ke4 51. Kb3 Kd4 52.
Ka3 Kc4 53. Kb2 Kxb4 54. Ka2 a5 55. Kb2 a4 56. Ka2 a3 57. Kb1 Kb3 58. Ka1 Be5+ 0-1

[Event "41st Olympiad Women 2014"]
[Site "Tromso NOR"]
[Date "2014.08.08"]
[Round "6.51"]
[Board "3"]
[White "Farrugia, Jamie"]
[Black "Ramsay, Sheena"]
[Result "1-0"]
[WhiteTitle "WCM"]
[BlackTitle "WCM"]
[WhiteElo "1541"]
[BlackElo "1579"]
[WhiteTeam "Malta"]
[BlackTeam "Barbados"]
[WhiteFideId "5600898"]
[BlackFideId "11101610"]
[EventDate "2014.08.02"]

1. e4 e6 2. d4 d5 3. e5 c5 4. c3 Nc6 5. Nf3 Qb6 6. a3 cxd4 7. cxd4 Nge7 8. b4 a6
9. Bd3 Nf5 10. Bb2 Be7 11. O-O Bd7 12. Bc2 O-O 13. Qd3 Rac8 14. g4 Qd8 15. gxf5
exf5 16. Nc3 Be6 17. Ne2 f6 18. Kh1 fxe5 19. dxe5 Bg5 20. Rg1 Bh6 21. Rg3 Ne7
22. Ned4 Bf7 23. Nxf5 Nxf5 24. Qxf5 Bg6 25. Qe6+ Rf7 26. Bxg6 hxg6 27. Qxg6 Rc6
28. e6 1-0

[Event "41st Olympiad Women 2014"]
[Site "Tromso NOR"]
[Date "2014.08.08"]
[Round "6.51"]
[Board "4"]
[White "Nurse, Lydia"]
[Black "Axiaq, Ariana"]
[Result "1-0"]
[WhiteElo "1364"]
[BlackElo "1346"]
[WhiteTeam "Barbados"]
[BlackTeam "Malta"]
[WhiteFideId "11101261"]
[BlackFideId "5601703"]
[EventDate "2014.08.02"]

1. d4 Nf6 2. Nf3 g6 3. Bg5 Bg7 4. e3 d6 5. Bd3 Nbd7 6. c3 O-O 7. Nbd2 a6 8. a4
c5 9. O-O b6 10. Re1 Bb7 11. e4 Ne8 12. Bc4 Kh8 13. Qb1 f6 14. Bh4 Nc7 15. b4 d5
16. exd5 cxd4 17. Nxd4 Ne5 18. Bb3 Bxd5 19. N2f3 Nxf3+ 20. Nxf3 Bxb3 21. Qxb3 e5
22. Nxe5 g5 23. Nf7+ Rxf7 24. Qxf7 gxh4 25. Rad1 1-0

[Event "41st Olympiad Women 2014"]
[Site "Tromso NOR"]
[Date "2014.08.08"]
[Round "6.52"]
[Board "3"]
[White "Arbona Avila, Zaily M."]
[Black "Tsoi, Nicole"]
[Result "1-0"]
[BlackTitle "WFM"]
[WhiteElo "1526"]
[BlackElo "1787"]
[WhiteTeam "Aruba"]
[BlackTeam "New Zealand"]
[WhiteFideId "15900053"]
[BlackFideId "4302605"]
[EventDate "2014.08.02"]

1. e4 e6 2. d4 d5 3. exd5 exd5 4. Bd3 Bd6 5. Nf3 Bg4 6. Nbd2 Ne7 7. O-O Nbc6 8.
c3 h6 9. Qc2 O-O 10. Re1 Qd7 11. a3 a5 12. c4 dxc4 13. Bxc4 Bf4 14. Qe4 Ng6 15.
Qxg6 Bf5 16. Qh5 Kh7 17. Ne5 Nxe5 18. dxe5 Bg4 19. e6 Bxe6 20. Bxe6 fxe6 21. Nf3
Rf5 22. Qh3 Bxc1 23. Raxc1 Raf8 24. Rc2 Rd8 25. Rce2 Re8 26. Qg4 Qd5 27. Qe4 Qb3
28. Nd4 Qb6 29. Nxf5 Rf8 30. Ne7+ 1-0

[Event "41st Olympiad Women 2014"]
[Site "Tromso NOR"]
[Date "2014.08.08"]
[Round "6.52"]
[Board "4"]
[White "Timergazi, Layla"]
[Black "Jacobs, Annelaine"]
[Result "1-0"]
[BlackTitle "WCM"]
[WhiteElo "1874"]
[BlackElo "1680"]
[WhiteTeam "New Zealand"]
[BlackTeam "Aruba"]
[WhiteFideId "4303733"]
[BlackFideId "15900177"]
[EventDate "2014.08.02"]

1. d4 d6 2. c4 Nf6 3. Nc3 g6 4. e4 Bg7 5. h3 O-O 6. Bg5 Na6 7. Nf3 Re8 8. Be2 c6
9. O-O Qc7 10. a3 e5 11. d5 Nc5 12. Nd2 a5 13. Qc2 a4 14. Be3 Nfd7 15. Bg4 Qa5
16. Rfb1 Nb6 17. Be2 cxd5 18. cxd5 f5 19. b4 axb3 20. Nxb3 Nxb3 21. Rxb3 Na4 22.
Nxa4 Qxa4 23. Bb5 Qxe4 24. Qxe4 fxe4 25. Bxe8 1-0

[Event "41st Olympiad Women 2014"]
[Site "Tromso NOR"]
[Date "2014.08.08"]
[Round "6.54"]
[Board "1"]
[White "Hashimoto, Azumi"]
[Black "Mazariegos, Silvia Carolina"]
[Result "0-1"]
[BlackTitle "WIM"]
[WhiteElo "1712"]
[BlackElo "2017"]
[WhiteTeam "Japan"]
[BlackTeam "Guatemala"]
[WhiteFideId "7001800"]
[BlackFideId "7300115"]
[EventDate "2014.08.02"]

1. d4 d6 2. Nf3 Nc6 3. c4 e5 4. d5 Nce7 5. e4 f5 6. Nc3 Nf6 7. Bd3 g6 8. Bd2 Bg7
9. b4 O-O 10. O-O fxe4 11. Nxe4 Bg4 12. Be3 Bxf3 13. Qxf3 Nfxd5 14. Qh3 Nf6 15.
Ng5 Qc8 16. Qe6+ Qxe6 17. Nxe6 Rfc8 18. Nxg7 Kxg7 19. a4 Re8 20. f3 a5 21. b5 b6
22. g4 h5 23. h3 Rad8 24. g5 Nd7 25. f4 Nc5 26. Bc2 exf4 27. Rxf4 Nf5 28. Bxc5
dxc5 29. Bxf5 Rf8 30. Raf1 Rxf5 31. Re4 Rxg5+ 32. Kh1 Rd3 33. Kh2 Rd2+ 34. Kh1
Rd7 35. Kh2 Kh6 36. Re6 Rd4 37. Rf7 Rxc4 38. Rxc7 Rxa4 39. Rxb6 Ra2+ 40. Kh1 Rd5 0-1

[Event "41st Olympiad Women 2014"]
[Site "Tromso NOR"]
[Date "2014.08.08"]
[Round "6.54"]
[Board "2"]
[White "Mencos, Claudia"]
[Black "Hoshino, Karen"]
[Result "1-0"]
[WhiteTitle "WIM"]
[BlackTitle "WCM"]
[WhiteElo "2017"]
[BlackElo "1738"]
[WhiteTeam "Guatemala"]
[BlackTeam "Japan"]
[WhiteFideId "7300573"]
[BlackFideId "2137984"]
[EventDate "2014.08.02"]

1. e4 c5 2. Nf3 d6 3. d4 cxd4 4. Nxd4 Nf6 5. Nc3 a6 6. Be2 e5 7. Nb3 Be7 8. O-O
O-O 9. f4 b5 10. Bf3 Bb7 11. a3 Nbd7 12. Qe1 exf4 13. Bxf4 Ne5 14. Kh1 Re8 15.
Nd2 Qc7 16. Be2 Rad8 17. Qg3 Ng6 18. Bg5 Nd7 19. Be3 Nde5 20. Qf2 Rc8 21. Rad1
Bh4 22. Qg1 Be7 23. Nb3 Ba8 24. Nd4 Bf8 25. Nf5 Nc4 26. Bxc4 Qxc4 27. Rd4 Qc7
28. Rfd1 Ne5 29. Nxd6 Bxd6 30. Rxd6 Nc4 31. Rd7 Qc6 32. Bc1 Qg6 33. Qf2 Bxe4 34.
Nxe4 Rxe4 35. b3 Na5 36. R7d6 Qh5 37. Qb6 Rce8 38. Be3 Nxb3 39. cxb3 Qe2 40. Bg1
h6 41. Rd8 Rxd8 42. Rxd8+ Kh7 43. Qxa6 Qf1 44. Rd2 Re1 45. Qb6 Ra1 46. Qf2 Qb1
47. Rb2 Qd1 48. Qc2+ Qxc2 49. Rxc2 Rxa3 50. Rc3 Kg6 51. h3 Ra8 52. Rc6+ Kf5 53.
Rc5+ Ke6 54. Rxb5 Ra1 55. Kh2 g6 56. b4 Rb1 57. Bc5 h5 58. Rb6+ Kd7 59. Rf6 Ke8
60. Kg3 g5 61. Rf5 Rb3+ 62. Kf2 g4 63. Rxh5 gxh3 64. Rxh3 Rb2+ 65. Kf3 Kd7 66.
Rh6 Rb1 67. Rd6+ Ke8 68. Rd2 f6 69. Ke4 Kf7 70. Kd5 f5 71. Kc6 Rh1 72. b5 Rh6+
73. Kc7 f4 74. b6 Rh5 75. Rc2 Ke6 76. b7 Rh7+ 77. Kb6 Rh8 78. Ka7 Rh7 79. Ka8
Rh8+ 80. b8=Q 1-0

[Event "41st Olympiad Women 2014"]
[Site "Tromso NOR"]
[Date "2014.08.08"]
[Round "6.54"]
[Board "4"]
[White "Mencos Castillo, Maria"]
[Black "Wakabayashi, Hisako"]
[Result "1-0"]
[WhiteTitle "WIM"]
[WhiteElo "1808"]
[BlackElo "1449"]
[WhiteTeam "Guatemala"]
[BlackTeam "Japan"]
[WhiteFideId "7300867"]
[BlackFideId "7001053"]
[EventDate "2014.08.02"]

1. e4 e5 2. Bc4 Be7 3. c3 Nf6 4. d3 O-O 5. Nf3 d6 6. h3 a6 7. Bb3 b5 8. Nbd2 Bb7
9. O-O h6 10. Re1 c5 11. Bc2 Qc7 12. Nf1 Nbd7 13. Ng3 Nh7 14. Nf5 Rfe8 15. Nxe7+
Rxe7 16. Nh4 Re6 17. Nf5 Ndf6 18. Kh2 Nf8 19. g4 N8h7 20. Rg1 Ng5 21. h4 Ngh7
22. g5 hxg5 23. Bxg5 Qd8 24. Bxf6 Qxf6 25. Rxg7+ Kh8 26. Qh5 Qh6 27. Nxh6 Kxg7
28. Qxf7+ Kxh6 29. Qxe6+ Kg7 30. Rg1+ Kh8 31. Qf7 1-0

[Event "41st Olympiad Women 2014"]
[Site "Tromso NOR"]
[Date "2014.08.08"]
[Round "6.56"]
[Board "4"]
[White "Figaro, Dericka"]
[Black "Walcott, Della-Marie"]
[Result "1-0"]
[WhiteElo "1710"]
[BlackElo "1362"]
[WhiteTeam "Seychelles"]
[BlackTeam "Trinidad & Tobago"]
[WhiteFideId "9800034"]
[BlackFideId "7701608"]
[EventDate "2014.08.02"]

1. d4 d5 2. c4 e6 3. Nf3 h6 4. Bf4 Nf6 5. e3 Bd6 6. Ne5 Nbd7 7. Bd3 Bxe5 8. dxe5
Nh7 9. Qg4 g5 10. Bg3 Qe7 11. O-O Nc5 12. Be2 Nf8 13. Nc3 c6 14. h3 Ng6 15. b4
Nd7 16. a3 Ngxe5 17. Qd4 Ng6 18. f4 e5 19. fxe5 Ndxe5 20. Bh5 Rf8 21. cxd5 Bd7
22. d6 Qe6 23. Ne4 Kd8 24. Rf6 Qd5 25. Qxd5 cxd5 26. Nc5 b6 27. Nd3 Nxd3 28.
Bxg6 Ke8 29. Bxd3 Rh8 30. Raf1 Be6 31. Bb5+ Kd8 32. Be5 Rf8 33. Rxe6 a6 34. Bc6
Rc8 35. Bf6# 1-0

[Event "41st Olympiad Women 2014"]
[Site "Tromso NOR"]
[Date "2014.08.08"]
[Round "6.60"]
[Board "1"]
[White "Faqih, Yara"]
[Black "Ortiz, Katherine Berenice"]
[Result "0-1"]
[BlackTitle "WFM"]
[WhiteElo "1410"]
[BlackElo "1864"]
[WhiteTeam "Palestine"]
[BlackTeam "Honduras"]
[WhiteFideId "11501642"]
[BlackFideId "8400474"]
[EventDate "2014.08.02"]

1. d4 Nf6 2. c4 c6 3. Nc3 d5 4. Bf4 g6 5. e3 Bg7 6. Bd3 O-O 7. Nge2 dxc4 8. Bxc4
Nd5 9. Bg3 Bg4 10. e4 Nxc3 11. bxc3 Bxe2 12. Bxe2 c5 13. e5 Qa5 14. Qd2 Nc6 15.
Rb1 cxd4 16. cxd4 Qxd2+ 17. Kxd2 b6 18. Ke3 Rfd8 19. Rhd1 e6 20. f4 Ne7 21. Bf3
Rac8 22. Rbc1 Nf5+ 23. Kf2 Bf8 24. Rxc8 Rxc8 25. d5 Bc5+ 26. Ke2 Nd4+ 27. Kf1
exd5 28. Bxd5 Nf5 29. Bf2 Bxf2 30. Kxf2 Rc2+ 31. Kf3 Rc3+ 32. Ke2 Kf8 33. Rd3
Rc7 34. g4 Ng7 35. Ke3 Ke7 36. Ke4 Ne6 37. Rh3 Rc2 38. Bxe6 Kxe6 39. f5+ gxf5+
40. gxf5+ Ke7 41. Rxh7 Re2+ 42. Kd4 Rf2 43. Rh5 Rxa2 44. Kd5 Rc2 45. h4 a5 46.
e6 fxe6+ 47. fxe6 Rc5+ 48. Kd4 Rxh5 49. Kc4 Kxe6 50. Kb3 Rxh4 51. Ka3 0-1

[Event "41st Olympiad Women 2014"]
[Site "Tromso NOR"]
[Date "2014.08.08"]
[Round "6.61"]
[Board "1"]
[White "Frijde, Reyna"]
[Black "Zengeni, Tatenda Melisa"]
[Result "1-0"]
[WhiteTitle "WCM"]
[WhiteElo "1607"]
[BlackElo "1660"]
[WhiteTeam "Surinam"]
[BlackTeam "Zimbabwe"]
[WhiteFideId "8200335"]
[BlackFideId "11001313"]
[EventDate "2014.08.02"]

1. d4 Nf6 2. e3 e6 3. Nf3 b6 4. Bd3 Bb7 5. Nbd2 d5 6. O-O Bd6 7. b3 O-O 8. Bb2
Nbd7 9. c4 c5 10. Rc1 Re8 11. Ne5 Ne4 12. Qc2 f5 13. Ndf3 g5 14. Nxd7 Qxd7 15.
Ne5 Qe7 16. Bxe4 dxe4 17. dxc5 Bxc5 18. Rcd1 Rad8 19. Rfe1 Rxd1 20. Rxd1 Rd8 21.
Rxd8+ Qxd8 22. h3 Bf8 23. Bd4 Bg7 24. Qb2 Qc7 25. Qc3 h5 26. Qb2 Kh7 27. Qc3 g4
28. hxg4 hxg4 29. Kf1 a5 30. Ke2 Ba6 31. a4 Bf8 32. Qa1 Bb4 33. Qh1+ Kg8 34. Qh6
Bc8 35. Nxg4 Qh7 1-0

[Event "41st Olympiad Women 2014"]
[Site "Tromso NOR"]
[Date "2014.08.08"]
[Round "6.61"]
[Board "2"]
[White "Masiyazi, Rhoda"]
[Black "Ooft, Tesora"]
[Result "0-1"]
[BlackTitle "WCM"]
[WhiteElo "1920"]
[BlackElo "1737"]
[WhiteTeam "Zimbabwe"]
[BlackTeam "Surinam"]
[WhiteFideId "11000090"]
[BlackFideId "8200475"]
[EventDate "2014.08.02"]

1. e4 c5 2. Nf3 d6 3. d4 cxd4 4. Nxd4 Nf6 5. Nc3 a6 6. Bc4 e6 7. Be3 b5 8. Bd3
Bb7 9. a3 Be7 10. Qd2 Nbd7 11. Nf3 Rc8 12. h3 O-O 13. O-O Nb6 14. Nh2 Nc4 15.
Qc1 Qc7 16. f4 d5 17. e5 Nxe3 18. exf6 gxf6 19. Rf3 d4 20. Rg3+ Kh8 21. Ne2 Nxc2
22. Qd1 Nxa1 23. Bxh7 Qc5 24. Kh1 Qh5 25. Bd3 Rg8 26. Qxa1 Rxg3 27. Nxg3 Qc5 28.
Ne2 Rg8 29. Nf3 Bxf3 30. gxf3 Qh5 31. Qf1 e5 32. Kh2 Qh6 33. Qf2 Bc5 34. f5 e4
35. Bxe4 d3 36. Qxc5 dxe2 37. Qf2 Qf4+ 38. Kh1 Qg3 0-1

[Event "41st Olympiad Women 2014"]
[Site "Tromso NOR"]
[Date "2014.08.08"]
[Round "6.61"]
[Board "3"]
[White "Ramos Dos, Rosangela"]
[Black "Zengeni, Paidaishe"]
[Result "1-0"]
[WhiteTitle "WCM"]
[BlackTitle "WCM"]
[WhiteElo "1723"]
[BlackElo "1678"]
[WhiteTeam "Surinam"]
[BlackTeam "Zimbabwe"]
[WhiteFideId "8200521"]
[BlackFideId "11000660"]
[EventDate "2014.08.02"]

1. e4 c5 2. Nf3 e6 3. d3 Nc6 4. g3 d6 5. Bg2 Nf6 6. O-O d5 7. Nbd2 a6 8. Re1 b5
9. exd5 Nxd5 10. Ne5 Bb7 11. Ndf3 Be7 12. Nxc6 Bxc6 13. Ne5 Bd7 14. c4 Nb6 15.
Bxa8 Qxa8 16. Nxd7 Nxd7 17. cxb5 axb5 18. Bd2 O-O 19. a4 b4 20. Bf4 Bf6 21. Rb1
Nb6 22. b3 Nd5 23. Qf3 Bc3 24. Red1 Rd8 25. Be3 Bd4 26. Bxd4 cxd4 27. Rbc1 Nc3
28. Qxa8 Rxa8 29. Re1 Re8 30. f4 f6 31. a5 Kf7 32. Ra1 Ra8 33. a6 Ra7 34. Ra5
Ke7 35. Kf2 Kd6 36. Kf3 Ke7 37. h3 Kd6 38. g4 g6 39. h4 h6 1-0

[Event "41st Olympiad Women 2014"]
[Site "Tromso NOR"]
[Date "2014.08.08"]
[Round "6.67"]
[Board "1"]
[White "Morales Santos, Natasha"]
[Black "Mamedjarova, Zeinab"]
[Result "1-0"]
[WhiteTitle "WCM"]
[BlackTitle "WGM"]
[WhiteElo "1726"]
[BlackElo "2229"]
[WhiteTeam "Puerto Rico"]
[BlackTeam "Azerbaijan"]
[WhiteFideId "3101703"]
[BlackFideId "13401521"]
[EventDate "2014.08.02"]

1. d4 d5 2. Nf3 c6 3. e3 e6 4. Bd3 f5 5. c4 Nf6 6. Nc3 Bd6 7. O-O O-O 8. a3 Ne4
9. Ne5 Nd7 10. f4 Ndf6 11. Nxe4 dxe4 12. Be2 Qe8 13. b3 b6 14. Bb2 Bb7 15. Qc2
c5 16. Rfd1 cxd4 17. Bxd4 Qe7 18. b4 Rac8 19. Qa4 Ba8 20. Rd2 Rfd8 21. Rad1 Bb8
22. Bb2 Rd6 23. Rxd6 Bxd6 24. Rd2 Qc7 25. Qd1 Rd8 26. Bd4 Be7 27. Bb2 a5 28.
Rxd8+ Bxd8 29. b5 Be7 30. a4 h6 31. h3 Kh7 32. Kf2 Bb7 33. Ba1 Bc5 34. Bd4 Bb4
35. Bb2 Qe7 36. Ba1 Ne8 37. g3 Nf6 38. Bb2 g5 39. Nc6 Bxc6 40. bxc6 gxf4 41.
Bxf6 Qxf6 42. Qd7+ Kg6 43. Bh5+ Kg5 44. exf4+ 1-0

[Event "41st Olympiad Women 2014"]
[Site "Tromso NOR"]
[Date "2014.08.08"]
[Round "6.67"]
[Board "2"]
[White "Mammadova, Gulnar"]
[Black "Vega Jimenez, Keyshla M."]
[Result "1-0"]
[WhiteTitle "WGM"]
[WhiteElo "2334"]
[BlackElo "1664"]
[WhiteTeam "Azerbaijan"]
[BlackTeam "Puerto Rico"]
[WhiteFideId "13403508"]
[BlackFideId "3101851"]
[EventDate "2014.08.02"]

1. d4 Nf6 2. Nc3 d5 3. Bg5 e6 4. e4 Be7 5. e5 Nfd7 6. Bxe7 Qxe7 7. f4 c5 8. dxc5
Qxc5 9. Qd2 Nc6 10. Nf3 Nb6 11. Nb5 O-O 12. Nbd4 Rd8 13. c3 a5 14. Bd3 Nc4 15.
Qe2 Nxd4 16. Nxd4 a4 17. a3 Bd7 18. O-O Na5 19. Bc2 Bb5 20. Qxb5 1-0